Italy Trivia Quiz - Statistics

General Stats
  • This quiz has been taken 212 times
  • The average score is 8 of 10
Answer Stats
Question Answer % Correct
What was the name of the political movement founded by Benito Mussolini? Fascism
97%
How does the Italian national anthem start? Fratelli d'Italia
94%
What Language does Italian derive from? Latin
94%
Who painted the Sistine Chapel, located in Rome? Michelangelo
94%
Who was Luciano Pavarotti? A tenor
88%
Who wrote the literary masterpiece The Divine Comedy? Dante Alighieri
88%
Who is the current Italian President of the Republic? (2019) Sergio Mattarella
66%
What is the largest Italian region? Sicily
66%
What year was the Italian Republic born? 1861
47%
How many Nobel prizes did Italy win? 20
22%
No matching quizzes found
Score Distribution
Percent of People with Each Score
Percentile by Number Answered
Your Score History
You have not taken this quiz